Комплексоны в химическом анализе: пер. с чеш.

Detalles Bibliográficos
Autor Principal: Пршибил Р. Рудольф
Summary:Книга посвящена теории и практике применения в аналитической химии комплексонов; содержит подробное изложение теории комплексонов, строения образующихся комплексов, а также способов определения констант устойчивости этих комплексов; обстоятельное описание применений комплексонов в весовом и объемном анализе, колориметрии, полярографии, хроматографии и ионофорезе и качественном анализе; кроме того, в книге изложены методы комплексометри-ческого титрования (хелатометрия), а также описаны многочисленные случаи практического применения комплексометрии в аналитической химии. Книга содержит дополнение, написанное автором к русскому изданию, содержащее сведения о последних достижениях в области теории и аналитического применения комплексонов. Предназначена для широкого круга химиков-аналитиков исследовательских институтов и производственных лабораторий.
Idioma:ruso
Publicado: Москва, Иностранная литература, 1960
Edición:2-е изд., перераб. и расшир.
Subjects:
Formato: MixedMaterials Libro
KOHA link:https://koha.lib.tpu.ru/cgi-bin/koha/opac-detail.pl?biblionumber=110713

MARC

LEADER 00000nam0a2200000 4500
001 110713
005 20231101214942.0
035 |a (RuTPU)RU\TPU\book\119564 
090 |a 110713 
100 |a 20070228d1960 k y0rusy50 ca 
101 1 |a rus  |c cze 
102 |a RU 
105 |a a z 001zy 
200 1 |a Комплексоны в химическом анализе  |e пер. с чеш.  |f Р. Пршибил 
205 |a 2-е изд., перераб. и расшир. 
210 |a Москва  |c Иностранная литература  |d 1960 
215 |a 580 с.  |c ил. 
320 |a Библиография в конце глав 
330 |a Книга посвящена теории и практике применения в аналитической химии комплексонов; содержит подробное изложение теории комплексонов, строения образующихся комплексов, а также способов определения констант устойчивости этих комплексов; обстоятельное описание применений комплексонов в весовом и объемном анализе, колориметрии, полярографии, хроматографии и ионофорезе и качественном анализе; кроме того, в книге изложены методы комплексометри-ческого титрования (хелатометрия), а также описаны многочисленные случаи практического применения комплексометрии в аналитической химии. Книга содержит дополнение, написанное автором к русскому изданию, содержащее сведения о последних достижениях в области теории и аналитического применения комплексонов. Предназначена для широкого круга химиков-аналитиков исследовательских институтов и производственных лабораторий. 
606 1 |a Комплексоны  |x Применение в аналитической химии  |2 stltpush  |3 (RuTPU)RU\TPU\subj\15026  |9 41324 
610 1 |a химический анализ 
610 1 |a аналитическая химия 
610 1 |a комплексные соединения 
610 1 |a химические элементы 
610 1 |a определение 
610 1 |a библиотека А. Г. Стромберга 
675 |a 543-412.2  |v 4 
700 1 |a Пршибил  |b Р.  |g Рудольф 
801 1 |a RU  |b 63413507  |c 20070228  |g PSBO 
801 2 |a RU  |b 63413507  |c 20180424  |g PSBO 
942 |c BK